Chargement en cours…

Historicism Once More : Problems and Occasions for the American Scholar

A collection of some of Pearce's best-known essays on historical criticism in which he suggests a way of going beyond positivist historiography and formalist explication de texie toward a criticism which vitally engages the reader in what he reads and puts him m a position of judging himself an...

Description complète

Détails bibliographiques
Auteur principal: Pearce, Roy Harvey
Format: Électronique eBook
Langue:Inglés
Publié: Princeton : Princeton University Press, 2015.
Collection:Book collections on Project MUSE.
Sujets:
Accès en ligne:Texto completo

MARC

LEADER 00000cam a22000004a 4500
001 musev2_44402
003 MdBmJHUP
005 20230905044640.0
006 m o d
007 cr||||||||nn|n
008 160423s2015 nju o 00 0 eng d
020 |a 9781400876006 
020 |z 9780691621845 
020 |z 9780691648675 
020 |z 9780691061559 
035 |a (OCoLC)966768592 
040 |a MdBmJHUP  |c MdBmJHUP 
100 1 |a Pearce, Roy Harvey. 
245 1 0 |a Historicism Once More :   |b Problems and Occasions for the American Scholar 
264 1 |a Princeton :  |b Princeton University Press,  |c 2015. 
264 3 |a Baltimore, Md. :  |b Project MUSE,   |c 2017 
264 4 |c ©2015. 
300 |a 1 online resource (372 pages). 
336 |a text  |b txt  |2 rdacontent 
337 |a computer  |b c  |2 rdamedia 
338 |a online resource  |b cr  |2 rdacarrier 
490 0 |a Princeton Legacy Library 
505 0 |a I. Problems; II. Occasions; Index. 
520 |a A collection of some of Pearce's best-known essays on historical criticism in which he suggests a way of going beyond positivist historiography and formalist explication de texie toward a criticism which vitally engages the reader in what he reads and puts him m a position of judging himself and his culture, past and present.Originally published in 1969.The Princeton Legacy Library uses the latest print-on-demand technology to again make available previously out-of-print books from the distinguished backlist of Princeton University Press. These editions preserve the original texts of these important books while presenting them in durable paperback and hardcover editions. The goal of the Princeton Legacy Library is to vastly increase access to the rich scholarly heritage found in the thousands of books published by Princeton University Press since its founding in 1905. 
588 |a Description based on print version record. 
650 7 |a Literature and history.  |2 fast  |0 (OCoLC)fst01000077 
650 7 |a Historiography.  |2 fast  |0 (OCoLC)fst00958221 
650 7 |a Historicism.  |2 fast  |0 (OCoLC)fst00958216 
650 7 |a HISTORY  |x General.  |2 bisacsh 
650 6 |a Historicisme. 
650 6 |a Litterature et histoire  |z États-Unis. 
650 6 |a Litterature americaine  |x Histoire et critique  |x Theorie, etc. 
650 0 |a Historicism. 
650 0 |a Literature and history  |z United States. 
650 0 |a American literature  |x History and criticism  |x Theory, etc. 
651 7 |a United States.  |2 fast  |0 (OCoLC)fst01204155 
651 0 |a United States  |x Historiography. 
655 7 |a Criticism, interpretation, etc.  |2 fast  |0 (OCoLC)fst01411635 
655 7 |a Electronic books.   |2 local 
710 2 |a Project Muse.  |e distributor 
830 0 |a Book collections on Project MUSE. 
856 4 0 |z Texto completo  |u https://projectmuse.uam.elogim.com/book/44402/ 
945 |a Project MUSE - Custom Collection 
945 |a Project MUSE - Archive Complete Supplement V 
945 |a Project MUSE - Archive History Supplement V